[Event "WYCC 2018 O16"]
[Site "Halkidiki"]
[Date "2018.10.21"]
[Round "3"]
[White "Teclaf, Pawel"]
[Black "Travadon, Loic"]
[Result "1-0"]
[WhiteElo "2384"]
[BlackElo "2293"]
[Annotator "NA"]
[PlyCount "71"]
[EventDate "2018.10.20"]
[EventType "swiss"]
[EventCountry "GRE"]
[SourceTitle "playchess.com"]
[Source "ChessBase"]
[SourceQuality "1"]
[TimeControl "40/5400+30:1800+30"]

1. e4 {[%emt 0:00:00]} c5 {[%emt 0:00:00]} 2. Nf3 {[%emt 0:00:00]} Nc6 {[%emt 0:00:00]} 3. d4 {[%emt 0:00:00]} cxd4 {[%emt 0:00:00]} 4. Nxd4 {[%emt 0:00:00]} Nf6 {[%emt 0:00:00]} 5. Nc3 {[%emt 0:00:00]} d6 {[%emt 0:00:00]} 6. Bc4 {[%emt 0:00:04]} Bd7 {[%emt 0:00:11]} 7. Bb3 {[%emt 0:03:35]} g6 {[%emt 0:00:21]} 8. Be3 {[%emt 0:01:21]} Bg7 {[%emt 0:00:04]} 9. f3 {[%emt 0:02:39]} O-O {[%emt 0:00:06]} 10. Qd2 {[%emt 0:04:19]} Rc8 {[%emt 0:00:15]} 11. g4 {[%emt 0:05:53]} Ne5 {[%emt 0:09:05]} 12. O-O-O {[%emt 0:18:34]} b5 {[%emt 0:03:36]} 13. g5 {[%emt 0:08:59]} b4 {[%emt 0:00:12]} 14. Nce2 {[%emt 0:03:05]} Ne8 {[%emt 0:03:30]} 15. f4 {[%emt 0:02:46]} Ng4 {[%emt 0:01:15]} 16. Bg1 {[%emt 0:01:01]} e5 {[%emt 0:00:56]} 17. h3 {[%emt 0:03:24]} exd4 {[%emt 0:00:27]} 18. Bxd4 {[%emt 0:02:52] [#]} (18. hxg4 $16 Bxg4 19. Rf1 (19. Nxd4 Bxd4 20. Bxd4 Bxd1 $16) (19. Bxd4 Bxd4 20. Nxd4 Bxd1 $11)) 18... Ngf6 $11 {[%emt 0:01:57]} 19. gxf6 {[%emt 0:00:45]} Nxf6 {[%emt 0:00:06]} 20. e5 {[%emt 0:04:00]} dxe5 {[%emt 0:21:53]} 21. fxe5 {[%emt 0:00:27]} Ne4 {[%emt 0:02:32]} 22. Qf4 {[%emt 0:04:21]} Ng5 {[%emt 0:00:57]} 23. Be3 {[%emt 0:05:11]} Ne6 {[%emt 0:00:16]} 24. Qxb4 {[%emt 0:01:08]} Qc7 {[%emt 0:01:54]} 25. Nc3 {[%emt 0:04:13]} Bc6 {[%emt 0:04:38]} 26. Rhe1 {[%emt 0:01:10]} Bxe5 {[%emt 0:03:02]} 27. Nd5 {[%emt 0:02:00]} Bxd5 {[%emt 0:00:08]} 28. Rxd5 {[%emt 0:00:11]} Bg3 {[%emt 0:03:50]} 29. Red1 {[%emt 0:01:33]} Bf4 {[%emt 0:06:46]} 30. Bxf4 {[%emt 0:04:14]} Nxf4 {[%emt 0:00:05]} 31. Rd7 {[%emt 0:01:20]} Qe5 {[%emt 0:00:01]} 32. Qb7 {[%emt 0:01:57]} Qe3+ {[%emt 0:00:56]} 33. Kb1 {[%emt 0:00:09]} Ne6 {[%emt 0:00:47]} 34. Rxf7 {[%emt 0:00:25]} Qxh3 {[%emt 0:05:16]} 35. Bxe6 {[%emt 0:00:25]} Rcd8 {[%emt 0:00:10]} 36. Rxf8+ {[%emt 0:00:08]} 1-0

[Event "WYCC 2018 O16"]
[Site "Halkidiki"]
[Date "2018.10.21"]
[Round "3"]
[White "Gatineau, Yovann"]
[Black "Sargsyan, Tigran R."]
[Result "0-1"]
[WhiteElo "2376"]
[BlackElo "2218"]
[Annotator "NA"]
[PlyCount "60"]
[EventDate "2018.10.20"]
[EventType "swiss"]
[EventCountry "GRE"]
[SourceTitle "playchess.com"]
[Source "ChessBase"]
[SourceQuality "1"]
[TimeControl "40/5400+30:1800+30"]

1. d4 {[%emt 0:00:00]} d5 {[%emt 0:00:00]} 2. c4 {[%emt 0:00:00]} c6 {[%emt 0:00:00]} 3. Nc3 {[%emt 0:00:17]} Nf6 {[%emt 0:00:00]} 4. Nf3 {[%emt 0:00:07]} dxc4 {[%emt 0:00:30]} 5. a4 {[%emt 0:00:07]} e6 {[%emt 0:00:17]} 6. e3 {[%emt 0:00:57]} c5 {[%emt 0:00:27]} 7. Bxc4 {[%emt 0:00:06]} Nc6 {[%emt 0:00:09]} 8. O-O {[%emt 0:00:20]} cxd4 {[%emt 0:00:23]} 9. exd4 {[%emt 0:00:04]} Be7 {[%emt 0:00:06]} 10. Qe2 {[%emt 0:00:16]} O-O {[%emt 0:00:13]} 11. Rd1 {[%emt 0:00:04]} Nb4 {[%emt 0:00:14]} 12. a5 {[%emt 0:01:27]} Bd7 {[%emt 0:11:02]} 13. Ne5 {[%emt 0:00:20]} a6 {[%emt 0:08:05]} 14. Bg5 {[%emt 0:15:41] LiveBook: 5 Games} Bc6 {[%emt 0:28:46]} 15. Nxc6 {[%emt 0:06:54]} bxc6 {[%emt 0:00:29]} 16. Ra4 {[%emt 0:01:10]} Qb8 {[%emt 0:06:14]} 17. Ne4 $16 {[%emt 0:04:32]} Nbd5 {[%emt 0:11:59]} 18. Nxf6+ {[%emt 0:04:18]} Bxf6 {[%emt 0:05:40]} 19. Bxf6 {[%emt 0:01:37]} Nxf6 {[%emt 0:00:12]} 20. Bxa6 {[%emt 0:00:33]} Qb3 {[%emt 0:00:47]} 21. Rda1 {[%emt 0:05:11]} Rfb8 {[%emt 0:01:17]} 22. R1a2 {[%emt 0:00:12]} Rb4 {[%emt 0:00:54]} 23. Bc4 {[%emt 0:00:32]} Qxa4 {[%emt 0:00:26]} 24. Rxa4 {[%emt 0:00:04]} Rxa4 {[%emt 0:00:04]} 25. g3 {[%emt 0:00:49]} R4xa5 {[%emt 0:01:47]} 26. Qc2 {[%emt 0:04:49]} Rb8 {[%emt 0:02:53]} 27. Kg2 {[%emt 0:02:22]} Ra7 {[%emt 0:01:00]} 28. Be2 {[%emt 0:01:58]} g6 {[%emt 0:03:06]} 29. Bf3 {[%emt 0:02:52]} Ra2 {[%emt 0:00:41]} 30. Qxc6 {[%emt 0:07:01]} Rbxb2 {[%emt 0:00:27]} 0-1

[Event "WYCC 2018 O16"]
[Site "Halkidiki"]
[Date "2018.10.21"]
[Round "3"]
[White "Schitco, Ivan"]
[Black "Talukdar, Rohan"]
[Result "1-0"]
[WhiteElo "2376"]
[BlackElo "2279"]
[Annotator "ChessBase"]
[PlyCount "109"]
[EventDate "2018.10.20"]
[EventType "swiss"]
[EventCountry "GRE"]
[SourceTitle "playchess.com"]
[Source "ChessBase"]
[SourceQuality "1"]
[TimeControl "40/5400+30:1800+30"]

1. d4 {[%emt 0:00:00]} Nf6 {[%emt 0:00:00]} 2. c4 {[%emt 0:00:00]} g6 {[%emt 0:00:00]} 3. Nc3 {[%emt 0:00:01]} d5 {[%emt 0:00:00]} 4. cxd5 {[%emt 0:00:19]} Nxd5 {[%emt 0:00:00]} 5. e4 {[%emt 0:00:08]} Nxc3 {[%emt 0:00:20]} 6. bxc3 {[%emt 0:00:14]} Bg7 {[%emt 0:00:05]} 7. Nf3 {[%emt 0:00:08]} c5 {[%emt 0:00:09]} 8. Be3 {[%emt 0:00:15]} Qa5 {[%emt 0:01:24]} 9. Qd2 {[%emt 0:00:34]} O-O {[%emt 0:04:23]} 10. Rc1 {[%emt 0:03:20]} Nd7 {[%emt 0:00:26]} 11. Bd3 {[%emt 0:05:12]} e5 {[%emt 0:02:36]} 12. d5 {[%emt 0:01:20]} f5 {[%emt 0:00:38]} 13. Bh6 {[%emt 0:13:24]} f4 {[%emt 0:13:11]} 14. Bxg7 {[%emt 0:02:35]} Kxg7 {[%emt 0:00:01]} 15. Rb1 {[%emt 0:05:23]} Qc7 {[%emt 0:07:52]} 16. c4 {[%emt 0:04:21]} Nf6 {[%emt 0:00:25]} 17. Qc3 {[%emt 0:01:53]} Re8 {[%emt 0:01:40]} 18. Kd2 {[%emt 0:01:49]} Bg4 {[%emt 0:09:55]} 19. Ne1 {[%emt 0:00:22]} Bd7 {[%emt 0:05:00]} 20. f3 {[%emt 0:00:21]} a6 {[%emt 0:02:26]} 21. a3 {[%emt 0:02:27]} Rab8 {[%emt 0:06:34]} 22. Be2 {[%emt 0:02:31]} b5 {[%emt 0:14:13]} 23. Nd3 {[%emt 0:06:03]} Rbc8 {[%emt 0:00:09]} 24. Rhc1 {[%emt 0:01:03]} Qd6 {[%emt 0:03:04]} 25. Ne1 {[%emt 0:08:40]} Re7 {[%emt 0:09:04]} 26. cxb5 {[%emt 0:03:11]} c4 {[%emt 0:00:03]} 27. bxa6 {[%emt 0:03:09]} Nxd5 {[%emt 0:01:09]} 28. exd5 {[%emt 0:01:58]} Qxd5+ {[%emt 0:00:02]} 29. Kc2 {[%emt 0:00:48]} Bf5+ {[%emt 0:00:23]} 30. Kb2 {[%emt 0:00:43]} Bxb1 {[%emt 0:01:03]} 31. Rxb1 {[%emt 0:02:15]} Qd4 {[%emt 0:02:13]} 32. Rc1 {[%emt 0:06:37]} Qf2 {[%emt 0:05:28]} 33. Rc2 {[%emt 0:01:12]} Qg1 {[%emt 0:00:37]} 34. Ka2 {[%emt 0:04:31]} Kh6 {[%emt 0:01:12]} 35. Bxc4 {[%emt 0:05:58]} Rec7 {[%emt 0:02:02]} 36. Qb4 {[%emt 0:01:09]} Qxh2 {[%emt 0:02:48]} 37. Nd3 {[%emt 0:04:23]} Qh5 {[%emt 0:00:38]} 38. Nb2 {[%emt 0:01:10]} Qf5 {[%emt 0:03:18]} 39. Re2 {[%emt 0:01:36]} Qf6 {[%emt 0:01:32]} 40. Rd2 {[%emt 0:00:00]} Qf5 {[%emt 0:00:00]} 41. Bd5 {[%emt 0:07:22]} Rd7 {[%emt 0:14:00]} 42. Bb7 {[%emt 0:02:30]} Rc1 {[%emt 0:00:52]} 43. a7 {[%emt 0:07:40]} Qf7+ {[%emt 0:03:24]} 44. Bd5 {[%emt 0:00:37]} Rxd5 {[%emt 0:03:13]} 45. Qb3 {[%emt 0:00:09]} Qxa7 {[%emt 0:01:37]} 46. Qxd5 {[%emt 0:00:20]} Qe3 {[%emt 0:01:16]} 47. a4 {[%emt 0:01:28]} Kg5 {[%emt 0:03:44]} 48. Rd3 {[%emt 0:02:46]} Qe2 {[%emt 0:00:15]} 49. Qe4 {[%emt 0:00:32]} Qxe4 {[%emt 0:01:46]} 50. fxe4 {[%emt 0:00:01]} Rc2 {[%emt 0:01:20]} 51. a5 {[%emt 0:02:09]} Rxg2 {[%emt 0:00:07]} 52. Kb3 {[%emt 0:00:51]} Kg4 {[%emt 0:00:35]} 53. a6 {[%emt 0:00:24]} f3 {[%emt 0:00:06]} 54. Nd1 {[%emt 0:00:55]} f2 {[%emt 0:01:05]} 55. a7 {[%emt 0:00:09]} 1-0

[Event "WYCC 2018 O16"]
[Site "Halkidiki"]
[Date "2018.10.21"]
[Round "3"]
[White "Davtyan, Artur"]
[Black "Esipenko, Andrey"]
[Result "1/2-1/2"]
[WhiteElo "2374"]
[BlackElo "2609"]
[Annotator "TA"]
[PlyCount "82"]
[EventDate "2018.10.20"]
[EventType "swiss"]
[EventCountry "GRE"]
[SourceTitle "playchess.com"]
[Source "ChessBase"]
[SourceQuality "1"]

{[%evp 18,82,0,0,-2,-20,-9,-9,-15,-20,27,28,22,-26,32,0,31,31,31,31,36,27,35,0,0,0,0,-3,22,-6,130,126,133,133,132,132,133,132,126,127,123,121,130,130,130,0,0,0,107,0,0,0,0,0,0,0,0,0,0,0,0,0,0,0,0,0,0]} 1. d4 Nf6 2. c4 e6 3. Nf3 d5 4. g3 Bb4+ 5. Bd2 Be7 6. Bg2 O-O 7. O-O Nbd7 8. Qc2 c6 9. b4 {E11: Bogo-Indian} (9. Rd1 b6 10. Bf4 Bb7 11. Ne5 Rc8 12. Nc3 Nh5 13. Bc1 Nhf6 14. e4 Bb4 15. Bg5 Qc7 16. Nxd7 Nxd7 17. a3 Bxc3 18. Qxc3 dxc4 19. Bf4 Qd8 20. Bd6 {0-1 (76) Dominguez Perez,L (2739)-Caruana,F (2822) Saint Louis 2018}) 9... Ne4 10. Be1 {LiveBook: 7 Games} b6 11. a4 Bb7 12. Nbd2 $146 ({Predecessor:} 12. a5 Ba6 13. Nbd2 Nxd2 14. Bxd2 Bxc4 15. Rfe1 f5 16. Ne5 Nxe5 17. dxe5 {0-1 (34) Kunsztowicz,U (2325)-Nikolac,J (2455) Germany 1987}) 12... f5 13. Nb3 Bd6 14. Nfd2 Nef6 (14... Bxb4 15. Nxe4 Bxe1 16. Nd6 $16) 15. Nf3 Ne4 (15... dxc4 $11 16. Qxc4 Qe7) 16. Nfd2 Qe7 (16... Bxb4 $6 17. Nxe4 Bxe1 18. Nd6 $16) 17. Nxe4 fxe4 18. c5 bxc5 19. Na5 Rab8 20. dxc5 Bc7 21. Nxb7 Rxb7 22. b5 $36 {[%cal Bb4b5,Bb5c6,Bc6d7][%mdl 2080] White fights for an advantage.} Be5 (22... Nxc5 $6 23. Bb4 $16) (22... Qxc5 23. Qxc5 Nxc5 24. Bb4 $16) 23. Rc1 {And now Bxe4! would win.} Rc8 {[#]} (23... Rc7 $11) 24. Bxe4 $1 $16 {[%mdl 512]} dxe4 25. Qxe4 Qg5 26. bxc6 Qxc1 27. Bb4 $1 Rxb4 28. cxd7 Rd8 (28... Rxe4 $2 {perishes.} 29. dxc8=Q+ (29. Rxc1 $2 {too greedy.} Rb8 $19) 29... Kf7 30. Rxc1 $18) 29. Qxe5 (29. Rxc1 $2 {loses.} Rxe4 30. c6 Bc7 $19) 29... Qc4 30. Qc7 {[%mdl 1024] White has strong compensation.} Rbb8 {[#]} 31. c6 (31. Qd6 $1 $16) 31... Qc5 $1 $11 32. Rd1 Rf8 {[#]} (32... h6 $11 {keeps the balance.}) 33. Qd6 ({White has to play} 33. Kh1 $1 $16) 33... Qxf2+ {The position is equal.} 34. Kh1 Qxe2 {( -> ...Rf1+)} 35. Kg1 $1 Qf2+ 36. Kh1 Qf3+ 37. Kg1 Qe3+ 38. Kh1 Qe4+ 39. Kg1 Qe3+ 40. Kh1 Qf3+ 41. Kg1 Qe3+ {Precision: White = 47%, Black = 46%.} 1/2-1/2

[Event "WYCC 2018 O16"]
[Site "Halkidiki"]
[Date "2018.10.21"]
[Round "3"]
[White "Shubin, Kirill"]
[Black "Loiacono, Leonardo"]
[Result "1/2-1/2"]
[WhiteElo "2369"]
[BlackElo "2277"]
[Annotator "NA"]
[PlyCount "70"]
[EventDate "2018.10.20"]
[EventType "swiss"]
[EventCountry "GRE"]
[SourceTitle "playchess.com"]
[Source "ChessBase"]
[SourceQuality "1"]
[TimeControl "40/5400+30:1800+30"]

1. e4 {[%emt 0:00:00]} e5 {[%emt 0:00:00]} 2. Nf3 {[%emt 0:00:00]} Nc6 {[%emt 0:00:00]} 3. Bc4 {[%emt 0:00:00]} Bc5 {[%emt 0:00:00]} 4. c3 {[%emt 0:00:00]} Nf6 {[%emt 0:00:00]} 5. d4 {[%emt 0:00:00]} exd4 {[%emt 0:00:00]} 6. e5 {[%emt 0:00:00]} d5 {[%emt 0:00:06]} 7. Bb5 {[%emt 0:00:00]} Ne4 {[%emt 0:00:07]} 8. cxd4 {[%emt 0:00:00]} Bb6 {[%emt 0:00:05]} 9. Nc3 {[%emt 0:00:03]} O-O {[%emt 0:02:06]} 10. Be3 {[%emt 0:00:25] C54: Giuoco Piano: 4 c3 Nf6, main lines with 5 d4 and 5 d3} Nxc3 {[%emt 0:01:58]} 11. bxc3 {[%emt 0:00:18]} Ne7 {[%emt 0:02:59]} 12. Bd3 {[%emt 0:02:23]} Bf5 {[%emt 0:03:05]} 13. a4 $146 {[%emt 0:00:42]} ({Predecessor:} 13. Bxf5 Nxf5 14. Qd3 Qd7 15. Ng5 g6 16. Bf4 c6 17. Qh3 h5 {½-½ (60) Bartel,M (2609)-Malakhov,V (2722) Warsaw 2010}) 13... Ba5 {[%emt 0:02:58]} 14. Qc2 {[%emt 0:00:20]} Qd7 {[%emt 0:01:03]} 15. O-O {[%emt 0:00:10]} c6 {[%emt 0:04:31]} 16. Nh4 {[%emt 0:12:53]} Bxd3 {[%emt 0:02:23]} 17. Qxd3 {[%emt 0:00:04]} Qg4 {[%emt 0:06:09]} 18. g3 {[%emt 0:00:28]} Qe4 {[%emt 0:00:11]} 19. Qd2 {[%emt 0:23:16]} Nf5 {[%emt 0:00:46]} 20. Ng2 {[%emt 0:00:04]} Nxe3 {[%emt 0:01:30]} 21. fxe3 $11 {[%emt 0:02:10]} Qg6 {[%emt 0:03:52]} 22. Nf4 {[%emt 0:07:40]} Qh6 {[%emt 0:05:24]} 23. Rab1 {[%emt 0:00:12]} Rab8 {[%emt 0:01:04]} 24. Qd3 {[%emt 0:12:53]} g5 {[%emt 0:07:24]} 25. Ne2 {[%emt 0:00:44]} Qg6 {[%emt 0:00:36]} 26. Rf5 {[%emt 0:01:14]} f6 {[%emt 0:00:20]} 27. g4 {[%emt 0:01:05]} fxe5 {[%emt 0:05:51]} 28. dxe5 {[%emt 0:00:14]} Bc7 {[%emt 0:01:59]} 29. Rbf1 {[%emt 0:09:45]} Bxe5 {[%emt 0:03:12]} 30. e4 {[%emt 0:00:15]} Bf4 {[%emt 0:08:51]} 31. Nxf4 {[%emt 0:02:04]} gxf4 {[%emt 0:00:05]} 32. R1xf4 {[%emt 0:00:10]} dxe4 {[%emt 0:11:35]} 33. Qc4+ {[%emt 0:10:16]} Kg7 {[%emt 0:00:07]} 34. Qxe4 {[%emt 0:02:51]} Rxf5 {[%emt 0:00:29]} 35. Rxf5 {[%emt 0:00:17]} Re8 {[%emt 0:03:42]} 1/2-1/2

[Event "WYCC 2018 O16"]
[Site "Halkidiki"]
[Date "2018.10.21"]
[Round "3"]
[White "Kalavannan, Koby"]
[Black "Ongut, Tamas Gunes"]
[Result "1/2-1/2"]
[WhiteElo "2365"]
[BlackElo "2185"]
[Annotator "NA"]
[PlyCount "41"]
[EventDate "2018.10.20"]
[EventType "swiss"]
[EventCountry "GRE"]
[SourceTitle "playchess.com"]
[Source "ChessBase"]
[SourceQuality "1"]
[TimeControl "40/5400+30:1800+30"]

1. d4 {[%emt 0:00:00]} d5 {[%emt 0:00:36]} 2. c4 {[%emt 0:00:00]} c6 {[%emt 0:00:25]} 3. Nf3 {[%emt 0:00:00]} Nf6 {[%emt 0:00:27]} 4. Qb3 {[%emt 0:00:10]} dxc4 {[%emt 0:00:08]} 5. Qxc4 {[%emt 0:00:02]} Bg4 {[%emt 0:00:08]} 6. Qb3 {[%emt 0:00:14]} Qb6 {[%emt 0:00:02]} 7. Nbd2 {[%emt 0:07:03]} Nbd7 {[%emt 0:00:02]} 8. g3 {[%emt 0:02:36]} Qxb3 {[%emt 0:00:12]} 9. axb3 {[%emt 0:01:27]} e6 {[%emt 0:04:40]} 10. Bg2 {[%emt 0:00:26]} Nd5 {[%emt 0:09:32]} 11. O-O {[%emt 0:03:11]} Be7 {[%emt 0:02:13]} 12. Nc4 {[%emt 0:04:45]} Bxf3 {[%emt 0:03:37]} 13. Bxf3 {[%emt 0:00:12]} a6 {[%emt 0:00:25]} 14. e4 {[%emt 0:04:09]} Nc7 {[%emt 0:01:11]} 15. Bf4 {[%emt 0:04:34]} O-O-O {[%emt 0:01:12]} 16. Rfd1 {[%emt 0:04:32]} g5 $14 {[%emt 0:06:03]} 17. Bd6 {[%emt 0:08:28]} Bxd6 {[%emt 0:10:41]} 18. Nxd6+ {[%emt 0:00:02]} Kb8 {[%emt 0:00:01]} 19. Rac1 {[%emt 0:20:18]} Rdf8 {[%emt 0:04:28]} 20. Rc3 {[%emt 0:12:40]} Nb6 {[%emt 0:09:07]} 21. Nc4 {[%emt 0:06:10]} 1/2-1/2

[Event "WYCC 2018 O16"]
[Site "Halkidiki"]
[Date "2018.10.21"]
[Round "3"]
[White "Wachinger, Nikolas"]
[Black "Thilakarathne, G M H"]
[Result "0-1"]
[WhiteElo "2360"]
[BlackElo "2268"]
[Annotator "NA"]
[PlyCount "120"]
[EventDate "2018.10.20"]
[EventType "swiss"]
[EventCountry "GRE"]
[SourceTitle "playchess.com"]
[Source "ChessBase"]
[SourceQuality "1"]
[TimeControl "40/5400+30:1800+30"]

1. e4 {[%emt 0:00:00]} c5 {[%emt 0:00:00]} 2. Nf3 {[%emt 0:00:00]} e6 {[%emt 0:00:00]} 3. g3 {[%emt 0:00:04]} Nc6 {[%emt 0:01:14]} 4. Bg2 {[%emt 0:00:08]} Nf6 {[%emt 0:00:30]} 5. Qe2 {[%emt 0:00:08]} d5 {[%emt 0:06:05]} 6. exd5 {[%emt 0:00:08]} Nxd5 {[%emt 0:00:09]} 7. O-O {[%emt 0:00:08]} Be7 {[%emt 0:01:51]} 8. Rd1 {[%emt 0:00:07]} Nd4 {[%emt 0:17:09]} 9. Nxd4 {[%emt 0:01:04]} cxd4 {[%emt 0:00:05]} 10. c4 {[%emt 0:06:26]} Nc7 {[%emt 0:12:01]} 11. d3 {[%emt 0:00:37]} O-O {[%emt 0:04:19]} 12. Nd2 {[%emt 0:07:11]} Re8 {[%emt 0:06:18]} 13. f4 {[%emt 0:01:24]} Rb8 {[%emt 0:18:15]} 14. Nf3 {[%emt 0:01:46]} Bf6 {[%emt 0:03:45]} 15. b4 $14 {[%emt 0:03:23]} b5 {[%emt 0:02:59]} 16. c5 {[%emt 0:04:42]} Bb7 {[%emt 0:03:11]} 17. Bd2 {[%emt 0:07:57]} Nd5 {[%emt 0:07:20]} 18. Ne5 {[%emt 0:00:50]} Qc7 {[%emt 0:08:47]} 19. Re1 {[%emt 0:04:46]} Bxe5 {[%emt 0:01:02]} 20. Qxe5 {[%emt 0:00:10]} Qxe5 {[%emt 0:00:42]} 21. Rxe5 {[%emt 0:00:04]} Ne7 {[%emt 0:00:32]} 22. a4 {[%emt 0:14:02]} Bxg2 {[%emt 0:00:22]} 23. Kxg2 {[%emt 0:00:03]} Nc6 {[%emt 0:00:15]} 24. Ree1 {[%emt 0:00:15]} Kf8 {[%emt 0:00:32]} 25. Kf3 {[%emt 0:00:56]} Rb7 {[%emt 0:03:06]} 26. Reb1 {[%emt 0:04:00]} Ke7 {[%emt 0:01:07]} 27. Ke2 {[%emt 0:02:00]} Reb8 {[%emt 0:00:33]} 28. Kd1 {[%emt 0:01:18]} bxa4 {[%emt 0:00:29]} 29. Rxa4 {[%emt 0:00:03]} a5 {[%emt 0:00:09]} 30. Kc2 {[%emt 0:00:33]} axb4 {[%emt 0:01:06]} 31. Kb3 {[%emt 0:00:22]} Rb5 {[%emt 0:00:32]} 32. Rc1 {[%emt 0:00:34]} Ra5 {[%emt 0:00:44]} 33. Rxa5 {[%emt 0:02:44]} Nxa5+ {[%emt 0:00:01]} 34. Ka4 {[%emt 0:00:01]} Nc6 {[%emt 0:00:14]} 35. Rb1 {[%emt 0:01:02]} Kd7 {[%emt 0:01:00]} 36. Bxb4 {[%emt 0:01:31]} f6 {[%emt 0:00:39]} 37. Rb2 {[%emt 0:00:28]} e5 {[%emt 0:00:30]} 38. Ba3 {[%emt 0:00:57]} Ra8+ {[%emt 0:00:46]} 39. Kb3 {[%emt 0:00:02]} Ke6 {[%emt 0:00:11]} 40. Ka2 {[%emt 0:00:00]} Kd5 {[%emt 0:00:00]} 41. Rb7 {[%emt 0:10:54]} Ra7 {[%emt 0:00:46]} 42. Rxa7 {[%emt 0:01:25]} Nxa7 {[%emt 0:00:12]} 43. fxe5 {[%emt 0:00:05]} fxe5 {[%emt 0:02:01]} 44. Kb3 {[%emt 0:00:42]} Nb5 {[%emt 0:01:53]} 45. Bb4 {[%emt 0:00:11]} Nc7 {[%emt 0:01:21]} 46. Ka4 {[%emt 0:00:14]} Kc6 {[%emt 0:01:12]} 47. Kb3 {[%emt 0:04:10]} Kb5 {[%emt 0:03:24]} 48. Ba3 {[%emt 0:01:52]} g6 {[%emt 0:01:38]} 49. Kc2 {[%emt 0:01:54]} Ne6 {[%emt 0:00:17]} 50. Kd2 {[%emt 0:00:15]} Ka4 {[%emt 0:02:43]} 51. Bc1 {[%emt 0:00:18]} Nxc5 {[%emt 0:00:07]} 52. Kc2 {[%emt 0:01:10]} Kb5 {[%emt 0:00:44]} 53. Bg5 {[%emt 0:02:54]} Kc6 {[%emt 0:00:11]} 54. Be7 {[%emt 0:00:59]} Kd5 {[%emt 0:00:05]} 55. Kd2 {[%emt 0:00:16]} e4 {[%emt 0:01:03]} 56. dxe4+ {[%emt 0:00:10]} Nxe4+ {[%emt 0:00:05]} 57. Kd3 {[%emt 0:00:26]} Nf2+ {[%emt 0:00:15]} 58. Ke2 {[%emt 0:00:22]} Ng4 {[%emt 0:00:08]} 59. Kf3 {[%emt 0:03:37]} Nxh2+ {[%emt 0:01:08]} 60. Kf4 {[%emt 0:00:03]} Nf1 {[%emt 0:00:30]} 0-1

[Event "WYCC 2018 O16"]
[Site "Halkidiki"]
[Date "2018.10.21"]
[Round "3"]
[White "Sankalp Gupta"]
[Black "Gavrilescu, David"]
[Result "1-0"]
[WhiteElo "2352"]
[BlackElo "2481"]
[Annotator "TA"]
[PlyCount "69"]
[EventDate "2018.10.20"]
[EventType "swiss"]
[EventCountry "GRE"]
[SourceTitle "playchess.com"]
[Source "ChessBase"]
[SourceQuality "1"]

{[%evp 14,69,0,0,11,6,-3,6,0,0,5,-21,-15,-19,-12,-19,-17,-23,27,29,3,18,56,49,103,86,100,92,115,115,112,112,120,118,137,102,141,122,120,98,266,238,248,177,318,243,594,547,578,582,393,365,2081,1971,1814,1618,29981,29982]} 1. c4 e5 2. Nc3 Bb4 3. g3 Bxc3 4. bxc3 Nc6 5. Bg2 d6 6. Rb1 Nge7 7. Nf3 O-O 8. O-O {LiveBook: 6 Games} f5 {A21: English Opening: 1...e5 2 Nc3} 9. d4 $146 ({Predecessor:} 9. d3 Qe8 10. Qa4 Qh5 11. c5 f4 12. cxd6 cxd6 13. d4 e4 14. d5 exf3 15. Bxf3 Qg6 16. dxc6 Qxb1 17. Bxf4 {0-1 (35) Fernandez,C (2290)-Ivanov,A (2475) Sitges 1993}) 9... Rb8 10. Ba3 e4 {The position is equal.} 11. Nd2 b6 12. Re1 Na5 13. Bb4 Nb7 14. e3 c5 15. Ba3 Na5 16. dxc5 dxc5 17. Bxc5 Be6 18. Nb3 $36 {[%mdl 2048] Hoping for Qxd8. White is more active.} Nxb3 {[#]} (18... bxc5 $14 19. Qxd8 Rfxd8 20. Nxa5 Rb6) 19. Bxe7 $1 $16 Qxe7 20. axb3 a5 21. Bf1 Rfc8 22. Ra1 Qc7 23. Qc2 Ra8 24. Ra4 Bd7 25. Ra3 Be6 26. Qa2 b5 $2 (26... h5 $16 {is a better defense.}) 27. cxb5 $18 Qxc3 28. Qa1 Qb4 (28... Qxa1 {was worth a try.} 29. Rexa1 Rab8 30. Rxa5 Bxb3) 29. Ra4 {[%cal Ba3a4,Ba4a5,Ba5a7][%mdl 32]} Qd2 $2 {[#]} (29... Qxb3 {is more resistant.} 30. Rxa5 Rxa5 31. Qxa5 h6) 30. b4 $1 {[%mdl 512]} Bb3 (30... axb4 31. Rxa8) 31. Rxa5 Rab8 32. Ra7 {[%csl Ga7][%cal Ra1g7]} Bf7 $2 (32... Qc3 33. Rd7 Qxa1 34. Rxa1 Rd8) 33. Rd1 Qxb4 34. Rdd7 Rf8 {[#]} 35. Qa2 $3 {[%mdl 512] Precision: White = 76%, Black = 37%.} 1-0

[Event "WYCC 2018 O16"]
[Site "Halkidiki"]
[Date "2018.10.21"]
[Round "3"]
[White "Mitsis, Georgios"]
[Black "Vrolijk, Liam"]
[Result "0-1"]
[WhiteElo "2350"]
[BlackElo "2437"]
[Annotator "TA"]
[PlyCount "60"]
[EventDate "2018.10.20"]
[EventType "swiss"]
[EventCountry "GRE"]
[SourceTitle "playchess.com"]
[Source "ChessBase"]
[SourceQuality "1"]

{[%evp 24,60,6,0,18,19,0,14,20,-25,-25,-154,-168,-354,-337,-351,-369,-642,-625,-1007,-1006,-946,-954,-2133,-2083,-29986,-29987,-29987,-29988,-29988,-29989,-29989,-29990,-29990,-29991,-29991,-29992,-29992,-29993]} 1. d4 Nf6 2. Nf3 e6 3. c4 b6 4. a3 Ba6 5. Qc2 Bb7 6. Nc3 c5 7. e4 cxd4 8. Nxd4 Bc5 9. Nf3 {E12: Queen's Indian: Unusual White 4th moves, 4 a3, 4 Nc3 Bb7 5 a3 and 4 Nc3 Bb7} Nc6 10. b4 Nd4 11. Qd2 Nxf3+ 12. gxf3 Be7 13. Rg1 {LiveBook: 3 Games} a5 {[#]} 14. bxa5 $146 ({Predecessor:} 14. Rxg7 axb4 15. Nb5 Bc6 16. Nd6+ Bxd6 17. Qxd6 {½-½ (33) Krasenkow,M (2631)-Fier,A (2604) Barcelona 2009}) 14... O-O 15. axb6 Qxb6 16. Bb2 g6 17. h4 {[#]} (17. Nb5 $11 {keeps the balance.}) 17... d5 $1 $17 {[%cal Rd5e4][%mdl 512]} 18. Qc2 $2 (18. Rg5) (18. cxd5 exd5) 18... dxe4 $19 19. fxe4 {[#]} Nxe4 $1 {[%mdl 512]} 20. Bd3 $2 {[#]} (20. Nxe4 Bxe4 21. Qc3) 20... Nxf2 $1 {[%mdl 512]} 21. Bxg6 (21. Qxf2 Bxh4) 21... fxg6 (21... hxg6 $2 {[#]} 22. Rxg6+ $1 {[%mdl 512]} fxg6 23. Qxg6+ Kh8 24. Nb5+ Bf6 25. Bxf6+ Rxf6 26. Qxf6+ Kh7 27. Qxf2 $18) 22. Rxg6+ Kf7 {Strongly threatening ...Qe3+.} ({But not} 22... hxg6 $2 23. Qxg6+ Kh8 24. Nb5+ Bf6 25. Bxf6+ Rxf6 26. Qxf6+ Kh7 27. Qxf2 $18) 23. Rg7+ Ke8 24. Bc1 {[#]} Nd3+ $1 {[%mdl 512] Black mates.} 25. Qxd3 Qf2+ 26. Kd1 Bf3+ 27. Ne2 Rd8 {[%csl Gf3][%cal Rf2e2]} 28. Rxe7+ Kxe7 {[%csl Gf3][%cal Rf2e2]} 29. Bg5+ Kf7 30. Bxd8 Bxe2+ $1 {Precision: White = 21%, Black = 88%.} 0-1